General, organic and biological chemistry
Gorde:
| Egile nagusia: | |
|---|---|
| Formatua: | Liburua |
| Hizkuntza: | ingelesa |
| Argitaratua: |
McGraw-Hill Education,
2016
|
| Etiketak: |
Etiketa erantsi
Etiketarik gabe, Izan zaitez lehena erregistro honi etiketa jartzen!
|
MARC
| LEADER | 00000nam a22000007a 4500 | ||
|---|---|---|---|
| 008 | 210121b ||||| |||| 00| 0 eng d | ||
| 022 | |a 978-981-4738-14-9 | ||
| 100 | |a SMITH, Janice Gorzynski | ||
| 245 | |a General, organic and biological chemistry |c Janice Gorzynski Smith |e “International edition” |g xxxvi; 854p | ||
| 250 | |b 3rd ed | ||
| 260 | |b McGraw-Hill Education, |c 2016 |d Books |h New York |i 691054, |i , 691055 |l QD31.3 .Sm5 |m Chemistry – Textbooks |m Biochemistry – Textbooks | ||
| 942 | |a lcc |c BK |e Adekanye I. H |f 21/01/2021 | ||
| 952 | |0 0 |1 0 |2 lcc |4 0 |6 QD00313 S M6 |7 0 |9 1328 |a HOL |b HOL |c QZ |d 2021-01-21 |o QD31.3 .Sm6 |p 2021-0140 |r 2021-01-21 00:00:00 |w 2021-01-21 |y BK | ||
| 952 | |0 0 |1 0 |2 lcc |4 0 |7 0 |9 1329 |a HOL |b SL |c QZ |d 2021-01-21 |o QD31.3 .Sm6 |p 2021-0141 |r 2021-01-21 00:00:00 |w 2021-01-21 |y BK | ||
| 999 | |c 689 |d 689 | ||